000
00319 a2200121 4500
005
20250716091721.0
020
_a
978-9987-9306-1-6
082
_a
657.42 BIS
100
_a
BISHAGAZI, Y. M
245
_a
Cost and Management Acoounting : A Basis for Informed Business Decisions
260
_a
Mwanza
_c
2009.
942
_2
ddc
_c
BKS
999
_c
6605
_d
6605